Loading...
| Science - Biology | 0 | 6 | 1 | 1 | 55 | 91 | 111.33 | 0 | 5 | 0.00 | 0.00 |
| History - Other | 0 | 5 | 0 | 0 | 50 | 75 | 109.40 | 2 | 3 | 0.00 | 0.00 |
| History - World | 0 | 4 | 0 | 0 | 40 | 55 | 78.75 | 0 | 4 | 0.00 | 0.00 |
| Science - Physics | 0 | 4 | 0 | 1 | 40 | 95 | 114.00 | 2 | 4 | 0.00 | 0.00 |
| Fine Arts - Painting and Sculpture | 0 | 3 | 0 | 2 | 30 | 128 | 135.00 | 0 | 1 | 0.00 | 0.00 |
| Mythology | 0 | 3 | 0 | 0 | 30 | 121 | 130.00 | 0 | 2 | 0.00 | 0.00 |
| Literature - American | 0 | 3 | 0 | 1 | 30 | 113 | 131.33 | 0 | 2 | 0.00 | 0.00 |
| Fine Arts - Other | 0 | 3 | 1 | 0 | 25 | 91 | 105.67 | 0 | 2 | 0.00 | 0.00 |
| History - American | 0 | 2 | 0 | 0 | 20 | 75 | 96.50 | 1 | 2 | 0.00 | 0.00 |
| Science - Other | 0 | 2 | 0 | 0 | 20 | 90 | 90.50 | 2 | 2 | 0.00 | 0.00 |
| Literature - European | 0 | 2 | 0 | 1 | 20 | 140 | 141.00 | 0 | 2 | 0.00 | 0.00 |
| Science - Chemistry | 0 | 2 | 0 | 0 | 20 | 99 | 110.00 | 1 | 2 | 0.00 | 0.00 |
| Fine Arts - Classical Music | 0 | 2 | 1 | 1 | 15 | 115 | 119.50 | 1 | 2 | 0.00 | 0.00 |
| Religion | 0 | 2 | 1 | 1 | 15 | 126 | 132.00 | 1 | 1 | 0.00 | 0.00 |
| Social Science | 0 | 1 | 0 | 0 | 10 | 111 | 111.00 | 0 | 1 | 0.00 | 0.00 |
| Other Academic | 0 | 1 | 0 | 0 | 10 | 131 | 131.00 | 0 | 1 | 0.00 | 0.00 |
| Pop Culture | 0 | 1 | 0 | 0 | 10 | 133 | 133.00 | 0 | 1 | 0.00 | 0.00 |
| Philosophy | 0 | 0 | 0 | 0 | 0 | 0.00 | 0 | 0 | 0.00 | 0.00 | |
| Literature - British | 0 | 0 | 0 | 0 | 0 | 0.00 | 0 | 0 | 0.00 | 0.00 | |
| History - European | 0 | 1 | 2 | 0 | 0 | 116 | 116.00 | 0 | 1 | 0.00 | 0.00 |